Every AFL Clubs Three Leading Goalkickers 2025 - Statistics

General Stats
  • This quiz has been taken 21 times
  • The average score is 34 of 54
Answer Stats
Club Answer % Correct
Gold Coast Ben King
94%
Carlton Harry McKay
94%
Geelong Jeremy Cameron
94%
Adelaide Riley Thilthorpe
94%
Adelaide Taylor Walker
94%
Western Bulldogs Aaron Naughton
88%
Carlton Charlie Curnow
88%
Adelaide Darcy Fogarty
88%
Hawthorn Jack Gunston
88%
GWS Jesse Hogan
88%
North Melbourne Nick Larkey
88%
Brisbane Zac Bailey
88%
Collingwood Brody Mihocek
81%
Collingwood Jamie Elliott
81%
Fremantle Josh Treacy
81%
Brisbane Logan Morris
81%
Hawthorn Mabior Chol
81%
Western Bulldogs Sam Darcy
81%
Richmond Tom Lynch
81%
Brisbane Cam Rayner
75%
Sydney Isaac Heeney
75%
West Coast Jake Waterman
75%
Hawthorn Nick Watson
75%
Essendon Peter Wright
75%
GWS Aaron Cadman
69%
West Coast Jamie Cripps
69%
Fremantle Patrick Voss
69%
Geelong Shannon Neale
69%
St Kilda Jack Higgins
63%
Port Adelaide Mitch Georgiades
63%
Geelong Tyson Stengle
63%
Gold Coast Ben Long
56%
Fremantle Jye Amiss
56%
Essendon Nate Caddy
56%
Collingwood Tim Membrey
56%
GWS Toby Greene
56%
Melbourne Bayley Fritsch
50%
Sydney Hayden McLean
50%
Melbourne Kysaiah Pickett
50%
North Melbourne Paul Curtis
50%
Port Adelaide Willie Rioli
50%
North Melbourne Cameron Zurhaar
44%
St Kilda Cooper Sharman
44%
West Coast Liam Ryan
38%
Port Adelaide Darcy Byrne-Jones
31%
Melbourne Jake Melksham
31%
Western Bulldogs Rhylee West
31%
Richmond Seth Campbell
31%
St Kilda Mitch Owens
25%
Sydney Will Hayward
25%
Essendon Archie Perkins
19%
Gold Coast Bailey Humphrey
19%
Richmond Rhyan Mansell
19%
Carlton Zac Williams
13%
No matching quizzes found
Score Distribution
Percent of People with Each Score
Percentile by Number Answered
Your Score History
You have not taken this quiz